[Event "Quebec-ch U1800"]
[Site "Repentigny"]
[Date "2003.11.22"]
[Round "3"]
[White "Mathews, Theo"]
[Black "Dupont, Alain"]
[Result "1-0"]
[WhiteElo "1670"]
[BlackElo "1672"]
[PlyCount "47"]
[EventDate "2003.11.21"]
[EventType "swiss"]
[EventRounds "5"]
[EventCountry "CAN"]
[SourceTitle "EXT 2022"]
[Source "ChessBase"]
[SourceDate "2021.10.06"]
[SourceVersion "1"]
[SourceVersionDate "2021.10.06"]
[SourceQuality "1"]

1. e4 e6 2. d4 d5 3. exd5 exd5 4. Bd3 Bd6 5. Nf3 Nf6 6. 0-0 0-0 7. Bg5 h6 8. Bh4 Bg4 9. Nbd2 Nbd7 10. c3 c6 11. Qc2 Qc7 12. h3 Be6 13. Bf5 Rfe8 14. Rae1 Bxf5 15. Qxf5 g6 16. Qc2 g5 17. Bg3 Bxg3 18. fxg3 Qxg3 19. Qf5 Kg7 20. Ne5 Kh8 21. Nxf7+ Kg8 22. Ne5 Rad8 23. Qg6+ Kh8 24. Nf7# 1-0